Ella Diaries Diva Drama / (Record no. 203349)

MARC details
000 -LEADER
fixed length control field 00442 a2200181 4500
005 - DATE AND TIME OF LATEST TRANSACTION
control field 20240529111832.0
010 ## - LCCN (DPL NO)
LC control number B-759236
020 ## - INTERNATIONAL STANDARD BOOK NUMBER
International Standard Book Number 9789354716041
Terms of availability 350.00
035 ## - SYSTEM CONTROL NUMBER
System control number B-759236
037 ## - SOURCE OF ACQUISITION
Source of stock number/acquisition Gift
082 ## - DEWEY DECIMAL CLASSIFICATION NUMBER
Classification number S
245 ## - TITLE STATEMENT
Title Ella Diaries Diva Drama /
260 ## - PUBLICATION, DISTRIBUTION, ETC. (IMPRINT)
Place of publication, distribution, etc Sydney
Name of publisher, distributor, etc Scholastic
Date of publication, distribution, etc 2023
270 ## - ADDRESS
Address Sydney
City Sydney
300 ## - PHYSICAL DESCRIPTION
Extent 144 p.
Dimensions 19 cm(Pb)
942 ## - ADDED ENTRY ELEMENTS (KOHA)
Institution code [OBSOLETE] dpl
Item type Children Books
Source of classification or shelving scheme Dewey Decimal Classification
Classification part S
Call number suffix ELL
Holdings
Withdrawn status Lost status Not for loan Collection code Home library Current library Date acquired Source of acquisition Cost, normal purchase price Full call number Barcode Copy number Cost, replacement price Koha item type Public note
      Fiction Ashok Vihar Ashok Vihar 29/05/2024 Gift/28.5.24 350.00 S ELL B-759236 1 350.00 Children Books Gift

© Delhi Public Library
Hit Counter
free hit counter